| 000 | 00990nam a2200349Ia 4500 | ||
|---|---|---|---|
| 005 | 20250425162146.0 | ||
| 008 | 250425s9999 xx 000 0 und d | ||
| 020 | _a9702604362 | ||
| 041 | _aspa | ||
| 043 | _amx | ||
| 082 | _a621.3815 | ||
| 100 | _aBOYLESTAD, ROBERT L. | ||
| 245 | 0 | _aELECTRONICA: TEORIA DE CIRCUITOS Y DISPOSITIVOS ELECTRONICOS | |
| 250 | _a8A ED. | ||
| 260 | _aMEXICO | ||
| 260 |
_aMéxico _bPEARSON EDUCACIÓN _c2003 |
||
| 300 | _a1020 | ||
| 500 | _aTítulo Traducido: ELECTRONIC DEVICES AND CIRCUIT THEORY | ||
| 650 | _aCIRCUITOS ELECTRONICOS | ||
| 650 | _aCIRCUITOS ELECTRONICOS | ||
| 650 | _aDISPOSITIVOS ELECTRONICOS | ||
| 650 | _aDISPOSITIVOS ELECTRONICOS | ||
| 650 | _aELECTRONICA | ||
| 650 | _aELECTRONICA | ||
| 650 | _aEQUIPO ELECTRONICO | ||
| 650 | _aEQUIPO ELECTRONICO | ||
| 650 | _aINSTRUMENTOS ELECTRONICOS | ||
| 650 | _aINSTRUMENTOS ELECTRONICOS | ||
| 700 |
_aCARLOS MENDOZA _etraductor |
||
| 942 | _c01 | ||
| 010 | _a53769 | ||
| 999 |
_c223525 _d223525 |
||